Kepercayaan kepada tuhan

Bibliographic Details
Main Author: Ahmad Marzuki Ismail
Other Authors: Maruwiah Ahmat
Format: Book
Published: Selangor : Eagle Publications , 2008
Series:Mengenali rukun negara
Subjects:

MARC

LEADER 00000cam a2200000 7i4500
001 0000027144
005 20151222.0
008 090817
020 |a 9833537655 
090 0 0 |a PR   |b MAL 
100 1 |a Ahmad Marzuki Ismail 
245 1 0 |a Kepercayaan kepada tuhan   |c Ahmad Marzuki Ismail 
260 |a Selangor :   |b Eagle Publications ,   |c 2008 
440 |a Mengenali rukun negara 
500 |a Children ages 10-12 years old (pink) 
650 0 |a Rukunnegara 
650 0 |a Unity and plurality 
700 1 |a Maruwiah Ahmat 
999 |a 0001055797   |b Book   |c Children Collection   |e Cawangan Sri Merlong 
999 |a 0001055798   |b Book   |c Children Collection   |e Perbadanan Perpustakaan Awam Johor 
999 |a 0001055799   |b Book   |c Children Collection   |e Perbadanan Perpustakaan Awam Johor 
999 |a 0001055800   |b Book   |c Children Collection   |e Cawangan Mersing